LEADER 01199nam 2200397 450 001 9910158591203321 005 20230808201253.0 010 $a1-4438-6091-3 035 $a(CKB)3710000001010464 035 $a(MiAaPQ)EBC4778712 035 $a(OCoLC)967938960 035 $a(FINmELB)ELB148503 035 $a(EXLCZ)993710000001010464 100 $a20170119h20162016 uy 0 101 0 $aeng 135 $aurcnu|||||||| 181 $2rdacontent 182 $2rdamedia 183 $2rdacarrier 200 00$aA.N. Whitehead's thought through a new prism /$fedited Aljoscha Berve and Helmut Maassen 210 1$aNewcastle upon Tyne, England :$cCambridge Scholars Publishing,$d2016. 210 4$dİ2016 215 $a1 online resource (278 pages) $cillustrations 225 0 $aEuropean Studies in Process Thought 311 $a1-4438-9960-7 606 $aProcess philosophy$vCongresses 615 0$aProcess philosophy 676 $a192 702 $aBerve$b Aljoscha 702 $aMaassen$b Helmut 801 0$bFINmELB 801 1$bFINmELB 906 $aBOOK 912 $a9910158591203321 996 $aA.N. Whitehead's thought through a new prism$92781934 997 $aUNINA LEADER 02639oam 22006494a 450 001 9910422652503321 005 20241204165459.0 010 $a3-944773-27-6 035 $a(CKB)4100000011528186 035 $a(OCoLC)1202667479 035 $a(MdBmJHUP)muse93051 035 $a(oapen)https://directory.doabooks.org/handle/20.500.12854/34032 035 $a(oapen)doab34032 035 $a(EXLCZ)994100000011528186 100 $a20201102d2020 uy 0 101 0 $aita 135 $aur|||||||nn|n 181 $ctxt$2rdacontent 182 $cc$2rdamedia 183 $acr$2rdacarrier 200 13$aLe tre costituzioni pacifiste$eIl rifiuto della guerra nelle costituzioni di Giappone, Italia e Germania /$fMario G. Losano 210 $aFrankfurt am Main$cMax Planck Institute for Legal History and Legal Theory$d2020 210 1$aFrankfurt am Main :$cMax Planck Institute for European Legal History,$d2020. 210 4$dİ2020. 215 $a1 online resource (1 ressource en ligne.) 225 0 $aGlobal perspectives on legal history ;$vvolume 14 311 08$a3-944773-26-8 330 $aThe three defeated Axis powers ? Japan, Italy and Germany ? incorporated a prohibition on wars of aggression into their democratic constitutions. This book covers the years of the Nuremberg and Tokyo Trials and the constituent assemblies of 1947? 49 through to current debates on the adaptation of the pacifi st articles in line with new ?humanitarian? wars. Aspects relating to the birth of the three countries? constitutions are treated in great detail in three appendices. 606 $aPacifisme 606 $aConstitutional history$zJapan 606 $aConstitutional history$zItaly 606 $aConstitutional history$zGermany 606 $aPacifism 606 $aConstitutional history$zJapan 606 $aConstitutional history$zItaly 606 $aConstitutional history$zGermany 608 $aLivres numeriques. 608 $aElectronic books. 615 0$aPacifisme. 615 0$aConstitutional history 615 0$aConstitutional history 615 0$aConstitutional history 615 0$aPacifism. 615 0$aConstitutional history 615 0$aConstitutional history 615 0$aConstitutional history 700 $aLosano$b Mario G.$03124 702 $aDuve$b Thomas$4edt 702 $aVogenauer$b Stefan$4edt 702 $aDuve$b Thomas$4oth 702 $aVogenauer$b Stefan$4oth 801 0$bMdBmJHUP 801 1$bMdBmJHUP 906 $aBOOK 912 $a9910422652503321 996 $aLe tre costituzioni pacifiste$92133245 997 $aUNINA